Southville International School and Colleges
Your cart is empty.
  • Cart
  • Lists
    Public lists Eva Luna New books Lux_list list_1
    Your lists Log in to create your own lists
  • Log in to your account
  • Your cookies
  • Search history
Southville International School and Colleges
  • Advanced search
  • Recent comments
  • Most popular
  • Libraries

Log in to your account

Log in with GOOGLE


If you do not have an external account, but do have a local account, you can still log in:

  1. Home
  2. MARC view: Theology, rhetoric, manuduction, or reading scripture together on the path to God /
Normal view MARC view ISBD view

Theology, rhetoric, manuduction, or reading scripture together on the path to God / (Record no. 17064)

[ view plain ]
MARC details
000 -LEADER
fixed length control field 01632cam a22003494a 4500
001 - CONTROL NUMBER
control field 14171174
003 - CONTROL NUMBER IDENTIFIER
control field OSt
005 - DATE AND TIME OF LATEST TRANSACTION
control field 20160223084542.0
008 - FIXED-LENGTH DATA ELEMENTS--GENERAL INFORMATION
fixed length control field 051117s2006 miu b 000 0 eng
010 ## - LIBRARY OF CONGRESS CONTROL NUMBER
LC control number 2005033761
020 ## - INTERNATIONAL STANDARD BOOK NUMBER
International Standard Book Number 0802829945
020 ## - INTERNATIONAL STANDARD BOOK NUMBER
International Standard Book Number 9780802829948
040 ## - CATALOGING SOURCE
Original cataloging agency DLC
Transcribing agency DLC
Modifying agency DLC
042 ## - AUTHENTICATION CODE
Authentication code pcc
050 00 - LIBRARY OF CONGRESS CALL NUMBER
Classification number BT 21.3
Item number .C36 2006
100 1# - MAIN ENTRY--PERSONAL NAME
Personal name Candler, Peter M.
245 10 - TITLE STATEMENT
Title Theology, rhetoric, manuduction, or reading scripture together on the path to God /
Statement of responsibility, etc Peter M. Candler, Jr.
260 ## - PUBLICATION, DISTRIBUTION, ETC. (IMPRINT)
Place of publication, distribution, etc Grand Rapids, Mich. :
Name of publisher, distributor, etc William B. Eerdmans Pub. Co.,
Date of publication, distribution, etc 2006.
300 ## - PHYSICAL DESCRIPTION
Extent 190 pages ;
Dimensions 24 cm.
500 ## - GENERAL NOTE
General note Includes bibliographical references and index.
505 0# - FORMATTED CONTENTS NOTE
Formatted contents note Introduction -- Grammars of participation and representation -- Itineraries or theology as manuduction -- Augustine and borrowed speech -- Memory and the glossa ordinaria : liturgy and interpretation -- The manuduction of desire : will and the structure of the summa theologiae -- Reading as manuductio as traditio as reditus -- Liturgically trained memory -- Conclusion.
610 20 - SUBJECT ADDED ENTRY--CORPORATE NAME
Corporate name or jurisdiction name as entry element Catholic Church
General subdivision Doctrines
-- History.
630 00 - SUBJECT ADDED ENTRY--UNIFORM TITLE
Uniform title Bible
General subdivision Reading.
650 #0 - SUBJECT ADDED ENTRY--TOPICAL TERM
Topical term or geographic name as entry element Theology, Doctrinal
General subdivision History.
650 #0 - SUBJECT ADDED ENTRY--TOPICAL TERM
Topical term or geographic name as entry element God (Christianity)
General subdivision Knowableness
-- History of doctrines.
650 #0 - SUBJECT ADDED ENTRY--TOPICAL TERM
Topical term or geographic name as entry element Christian life
General subdivision Catholic authors.
856 41 - ELECTRONIC LOCATION AND ACCESS
Materials specified Table of contents only
Uniform Resource Identifier <a href="http://www.loc.gov/catdir/toc/ecip064/2005033761.html">http://www.loc.gov/catdir/toc/ecip064/2005033761.html</a>
906 ## - LOCAL DATA ELEMENT F, LDF (RLIN)
a 7
b cbc
c orignew
d 1
e ecip
f 20
g y-gencatlg
942 ## - ADDED ENTRY ELEMENTS (KOHA)
Source of classification or shelving scheme Library of Congress Classification
Koha item type Books
Call number prefix Foreign
Holdings
Withdrawn status Lost status Source of classification or shelving scheme Damaged status Home library Current library Shelving location Date acquired Source of acquisition Cost, normal purchase price Total Checkouts Full call number Barcode Date last seen Copy number Price effective from Koha item type
    Library of Congress Classification   College Library College Library General Circulation Section 07/19/2012 Library Fund 1440.00   BT 21.3 .C36 2006 C14787 05/15/2018 1 10/18/2013 Books

Theology, rhetoric, manuduction, or reading scripture together on the path to God /

APA

Candler P. M., . (2006). Theology, rhetoric, manuduction, or reading scripture together on the path to God. Grand Rapids, Mich: William B. Eerdmans Pub. Co.

Chicago

Candler Peter M, . 2006. Theology, rhetoric, manuduction, or reading scripture together on the path to God. Grand Rapids, Mich: William B. Eerdmans Pub. Co.

Harvard

Candler P. M., . (2006). Theology, rhetoric, manuduction, or reading scripture together on the path to God. Grand Rapids, Mich: William B. Eerdmans Pub. Co.

MLA

Candler Peter M, . Theology, rhetoric, manuduction, or reading scripture together on the path to God. Grand Rapids, Mich: William B. Eerdmans Pub. Co. 2006.

  • Place hold
  • Print
  • Cite
  • Add to your cart (remove)
  • Save record
    BIBTEX Dublin Core MARCXML MARC (non-Unicode/MARC-8) MARC (Unicode/UTF-8) MARC (Unicode/UTF-8, Standard) MODS (XML) RIS
  • More searches
    Search for this title in:
    Other Libraries (WorldCat) Other Databases (Google Scholar) Online Stores (Bookfinder.com) Open Library (openlibrary.org)

Exporting to Dublin Core...

SOUTHVILLE LIBRARY

Southville International School and Colleges Library

1281 Tropical Ave. Cor. Luxembourg St., BF Homes International, Las Pinas City

Tel. No. 8256374 / 252358 Loc. 117/146

Powered by Koha